000
00284nam a2200121Ia 4500
008
241002s9999 xx 000 0 und d
082
_a
821 STR
100
_a
Strangs, Herbert
245
0
_a
Treasures of Rnglish Verse
260
_a
London:
_c
1936
600
_a
Literature
942
_c
UC
999
_c
18701
_d
18701